000 00466nam a2200169Ia 4500
003 GCL
008 140319s9999 xx 000 0 eng d
040 _aGCL /
_cGCL
082 0 4 _a530.81
_bM M
100 1 _aMILLER,DAVID K
245 1 0 _aMEASUREMENT BY THE PHYSICAL EDUCATOR: WHY AND HOW /
_cMILLER,DAVID K
260 _a[S.N] :
_bBROWN AND BENCHMANK PUBBISERS
300 _a381
650 0 4 _aMEASUREMENT
650 0 4 _aELECTRONIC MEASUREMENTS
942 _2ddc
_cBK
999 _c15992
_d15992